Statistiques concernant Effectif de l'En Avant Guingamp (2022-2023)

Cliquez ici pour prendre le quiz!

Statistiques générales

  • Ce quiz a été pris 94 fois
    (82 depuis la dernière actualisation)
  • Le résultat moyen est 17 sur 25

Statistiques - réponses

PosteNuméroRéponseNationalité% Correct
Gardiens de But16Enzo BasilioFrançais
92%
Attaquants29 (c)Jeremy LivolantFrançais
91%
Attaquants18Gaëtan CourtetFrançais
88%
Attaquants21Baptiste GuillaumeFrançais
86%
Défenseurs26Mathis RiouFrançais
86%
Défenseurs2Baptiste RouxFrançais
83%
Défenseurs27Maxime SivisFrançais
81%
Défenseurs11Stephen QuemperFrançais
81%
Milieux10Mehdi MerghemFrançais
78%
Gardiens de But30Dominique YoufeiganeFrançais
77%
Défenseurs7Donatien GomisFrançais
77%
Milieux4Dylan LouiserreFrançais
77%
Défenseurs24Pierre LemonnierFrançais
70%
Milieux6Tristan MuyumbaFrançais
69%
Défenseurs15Vincent ManceauFrançais
67%
Défenseurs19Félix Eboa EboaCamerounais
66%
Milieux25Jules GaudinFrançais
64%
Milieux28Maxime BarthelméFrançais
63%
Milieux8Souleymane DiarraMalien
61%
Attaquants22Mehdi BaaloudjAlgérien
48%
Défenseurs23Taylor LuvamboFrançais
48%
Défenseurs5Hady CamaraFrançais
44%
Milieux12Warren TchimbembéCongolais (Brazzaville)
42%
Défenseurs3Arthur VitelliFrançais
23%
Gardiens de But50Ewen JaouenFrançais
23%

Distribution des résultats

Percentile par nombre de réponses

% des personnes avec chaque résultat

Votre développement - résultats

Vous n’avez pas pris ce quiz depuis la dernière actualisation